000 00662nam a2200229 a 4500
001 9067
003 CO-ViMGA
008 141112s2004 ck r 000 u spa d
020 _a9800101918
040 _aCO-ViMGA
_bspa
_cCO-ViMGA
082 0 4 _a398.0987 D65f2
100 1 _aDOMINGUEZ, LUIS ARTURO
_99362
245 1 0 _aFIESTAS Y DANZAS FOLKLORICAS EN VENEZUELA
260 _aCARACAS,
_cMONTE AVILA EDITORES,
_c1992
300 _a297 p. il. mapa, 20 cm
490 _aDocumentos
590 _aEjemplares : 2
650 1 4 _aDANZAS FOLCLORICAS - VENEZUELA
_99363
650 1 4 _aFOLCLOR - VENEZUELA
_948869
650 1 4 _aVENEZUELA - FOLCLOR
_99364
942 _2ddc
_cBK
999 _c20629
_d20629